000 00536nam a2200217 a 4500
001 BRCA_6705
005 20190320205548.0
008 181011s1922----gw-#######---#000-1#ger-#
041 _ager
044 _agw
050 4 _aPT8128
_b.W45
_c1922
100 1 _aGjellerup, Karl Adolph.
_d1857-1919
_915430
245 1 0 _aDie Weltwanderer
_cKarl Gjellerup
250 _a3
260 _aLeipzig
_bQuelle & Meyer
_c1922
300 _a447 p.
_c21 cm.
500 _aI86
650 1 4 _aLiteratura danesa
_96168
902 _aGFM
942 _2lcc
_cB
999 _c6388
_d6388